LDR 00817naa#a2200181#i#450# 001 RU\\bibl\125539 005 20260702083434.4 011 ## _a2782-4586 100 ## _a20260630b2026####ek#y0rusy0150####ca 102 ## _aRU 200 1# _aПроблемы учета, оценки и управления нематериальными активами в эпоху цифровизации _eЖурнальная статья 210 1# _aМосква _cУниверситет ИТБО _d2026 215 ## _a9 с. 608 ## _aЖурнальная статья _2local 675 ## _aДинамика народного хозяйства. Экономическое развитие. 330.3 _z 700 #1 _aКарпович _gЮлия Владимировна 700 #1 _aКалинина _gКарина Радионовна 856 4# _ajomeam.ru _u